[Event "46th Sparkassen Open"]
[Site "Dortmund GER"]
[Date "2018.07.22"]
[Round "9.18"]
[White "Heinert, Eugen"]
[Black "Fuhlrott, Tim"]
[Result "0-1"]
[WhiteElo "2200"]
[BlackElo "1958"]
[WhiteFideId "24621390"]
[BlackFideId "16222431"]
[EventDate "2018.07.14"]

1. c4 f5 2. b3 e5 3. Bb2 Nc6 4. Nc3 Nf6 5. g3 g6 6. Bg2 Bg7 7. e3 O-O 8. Nge2 d6
9. d3 Be6 10. Nd5 Rb8 11. O-O Ne7 12. Nxe7+ Qxe7 13. d4 e4 14. d5 Bf7 15. Qc2 c6
16. dxc6 bxc6 17. Rfd1 Qc7 18. Rd2 Rfd8 19. Rad1 Rd7 20. Bc3 Rbd8 21. Qb2 Nh5
22. Bh3 Bxc3 23. Qxc3 Ng7 24. Nf4 Ne6 25. Nxe6 Bxe6 26. Qf6 Re8 27. Bf1 a5 28.
h4 d5 29. cxd5 cxd5 30. Bb5 Rf7 31. Qg5 Rb8 32. a4 Qc3 33. Rd4 Qxb3 34. h5 Kg7
35. h6+ Kg8 36. Bc4 Qb6 37. Bxd5 Bxd5 38. Rxd5 Rbf8 39. Rd8 Qb3 40. Rxf8+ Rxf8
41. Rd7 Qb4 42. Qf4 Qxa4 43. Qc7 Qa1+ 44. Kg2 Qf6 45. Rg7+ Kh8 46. Rxh7+ Kg8 47.
Rg7+ Kh8 48. Qxa5 g5 49. Qc5 Rf7 50. Qd4 Qxd4 51. exd4 Rxg7 52. hxg7+ Kxg7 53.
g4 f4 54. f3 e3 55. Kf1 Kf6 56. Ke2 Ke6 57. Kd3 Kd5 58. Kc3 Kc6 59. Kd3 Kb5 60.
Kc3 Ka4 61. Kc2 Ka5 0-1

[Event "46th Sparkassen Open"]
[Site "Dortmund GER"]
[Date "2018.07.22"]
[Round "9.20"]
[White "Oparaugo, Thomas"]
[Black "Mueller, Frank3"]
[Result "0-1"]
[WhiteTitle "IM"]
[WhiteElo "2064"]
[BlackElo "2067"]
[WhiteFideId "8500207"]
[BlackFideId "24681318"]
[EventDate "2018.07.14"]

1. e4 c5 2. Nf3 e6 3. g3 Nc6 4. Bg2 Nge7 5. O-O g6 6. c3 d5 7. exd5 Nxd5 8. d4
Bg7 9. Re1 O-O 10. Ne5 cxd4 11. cxd4 Qb6 12. Nc3 Qxd4 13. Nxc6 bxc6 14. Ne4 Ba6
15. Qf3 Rab8 16. h4 Bd3 17. h5 c5 18. Nxc5 Qxc5 19. Qxd3 Nb4 20. Qa3 Qxh5 21.
Be4 Bd4 22. Be3 Bxe3 23. Rxe3 a5 24. Rc1 Rfd8 25. Bf3 Qg5 26. Rce1 Nc2 0-1

[Event "46th Sparkassen Open"]
[Site "Dortmund GER"]
[Date "2018.07.22"]
[Round "9.21"]
[White "Wilde, Justin"]
[Black "Windfuhr, Thomas"]
[Result "1-0"]
[WhiteElo "1930"]
[BlackElo "2231"]
[WhiteFideId "16236033"]
[BlackFideId "4658477"]
[EventDate "2018.07.14"]

1. d4 Nf6 2. c4 e6 3. Nf3 d5 4. Nc3 Be7 5. Bf4 c6 6. e3 O-O 7. Bd3 Nbd7 8. O-O
dxc4 9. Bxc4 Nd5 10. Bg3 b5 11. Bd3 f5 12. Rc1 a6 13. Nxd5 cxd5 14. Rc6 Nb8 15.
Rc7 Bd7 16. Qc2 Qe8 17. Ne5 Bd8 18. Rb7 Ba5 19. Rc1 h5 20. b4 Bxb4 21. Qc7 Qc8
22. Nxd7 Nxd7 23. Qxd7 Qxd7 24. Rxd7 Rfc8 25. Rdc7 Rxc7 26. Rxc7 Bf8 27. Kf1 g5
28. Be5 g4 29. Ke2 h4 30. f3 gxf3+ 31. Kxf3 Bh6 32. Bf4 Bf8 33. g4 hxg3 34. Kxg3
Re8 35. h4 Be7 36. Be2 Bd8 37. Rd7 Ba5 38. Bh5 Be1+ 39. Kf3 Rf8 40. Be5 1-0

[Event "46th Sparkassen Open"]
[Site "Dortmund GER"]
[Date "2018.07.22"]
[Round "9.22"]
[White "Pahl, Theis"]
[Black "Groneberg, Joerg"]
[Result "1-0"]
[WhiteElo "1959"]
[BlackElo "2034"]
[WhiteFideId "16201264"]
[BlackFideId "12941638"]
[EventDate "2018.07.14"]

1. e4 g6 2. d4 Bg7 3. Nc3 d6 4. f4 Nf6 5. Nf3 O-O 6. e5 dxe5 7. fxe5 Nd5 8. Bc4
c6 9. O-O h6 10. Ne4 b5 11. Bd3 Nb4 12. Be2 Bf5 13. a3 Bxe4 14. axb4 Nd7 15. Bd3
Bxd3 16. Qxd3 e6 17. Bd2 Nb6 18. b3 Qd7 19. Ra2 Rfb8 20. c3 Bf8 21. Qc2 Nd5 22.
Qc1 Kh7 23. Be1 Be7 24. Raf2 Rf8 25. Bd2 h5 26. Qe1 Qd8 27. Qe4 Rc8 28. c4 Nxb4
29. Qe3 Rh8 30. Bxb4 Bxb4 31. Ng5+ Kg8 32. Nxf7 Qe7 33. Nxh8 Kxh8 34. Rf7 1-0

[Event "46th Sparkassen Open"]
[Site "Dortmund GER"]
[Date "2018.07.22"]
[Round "9.23"]
[White "Elier, Ali"]
[Black "Spickermann, Sven"]
[Result "1-0"]
[WhiteElo "1888"]
[BlackElo "2007"]
[WhiteFideId "16217543"]
[BlackFideId "16248767"]
[EventDate "2018.07.14"]

1. e4 e5 2. Nf3 Nc6 3. Bc4 Nf6 4. Ng5 d5 5. exd5 Na5 6. Bb5+ c6 7. dxc6 bxc6 8.
Be2 h6 9. Nh3 Bc5 10. d3 Qb6 11. O-O O-O 12. Nc3 Qb4 13. a3 Qh4 14. Bd2 Nb7 15.
Bf3 Bxh3 16. gxh3 Qxh3 17. Bg2 Qh4 18. Qf3 Rac8 19. Qg3 Qxg3 20. hxg3 Nh5 21.
Rfe1 Rfe8 22. Bh3 Rcd8 23. Ne4 Bb6 24. Bg4 Nf6 25. Nxf6+ gxf6 26. Bxh6 Nd6 27.
Kg2 f5 28. Be2 Re6 29. Rh1 f4 30. Bg5 Rd7 31. Rh5 f5 32. Rah1 Rg7 33. Rh8+ Kf7
34. Bh5+ Reg6 35. Bxg6+ Rxg6 36. R1h7+ Ke6 37. Rh6 1-0

[Event "46th Sparkassen Open"]
[Site "Dortmund GER"]
[Date "2018.07.22"]
[Round "9.24"]
[White "Homfeldt, Christopher"]
[Black "Puetter, Pascal"]
[Result "1-0"]
[WhiteElo "1818"]
[BlackElo "2002"]
[WhiteFideId "16220293"]
[BlackFideId "1271567"]
[EventDate "2018.07.14"]

1. e4 e6 2. d4 d5 3. Nd2 Nf6 4. e5 Nfd7 5. c3 c5 6. Bd3 Nc6 7. Ne2 cxd4 8. cxd4
f6 9. Nf4 Nxd4 10. Qh5+ Ke7 11. exf6+ gxf6 12. Ng6+ hxg6 13. Qxh8 Ne5 14. Bxg6
Bd7 15. b3 Qa5 16. a4 Nxg6 17. Qh7+ Kd8 18. Qxg6 Qc3 19. Rb1 Bh6 20. Qxh6 Qd3
21. Qxf6+ Ke8 22. Qe5 Rc8 23. f3 Rc2 24. Qh8+ Ke7 25. Ba3+ Kf7 26. Qh5+ Kg8 27.
Qg5+ Kh7 28. Qh4+ Kg6 29. Qf2 Rxd2 30. Qxd2 Qxb1+ 31. Qd1 Qxb3 32. Qxb3 Nxb3 33.
Ke2 Bxa4 34. Kd3 a5 35. h4 b5 36. g4 b4 37. h5+ Kh7 38. Bb2 Bb5+ 39. Kc2 a4 40.
g5 d4 41. g6+ Kh6 42. Bc1+ Nxc1 43. Rxc1 a3 44. Kb3 Be2 45. Rc7 Bxf3 46. Rh7+
Kg5 47. g7 Bd5+ 48. Kxb4 e5 49. g8=Q+ Bxg8 50. Rg7+ Kf4 51. Rxg8 a2 52. Ra8 1-0

[Event "46th Sparkassen Open"]
[Site "Dortmund GER"]
[Date "2018.07.22"]
[Round "9.25"]
[White "Seref, Serkan"]
[Black "Ball, Joerg"]
[Result "1/2-1/2"]
[WhiteElo "1871"]
[BlackElo "1973"]
[WhiteFideId "16205561"]
[BlackFideId "4685172"]
[EventDate "2018.07.14"]

1. e4 g6 2. c4 c5 3. Nc3 Bg7 4. g3 Nc6 5. Bg2 e5 6. Nge2 Nge7 7. d3 O-O 8. f4 d6
9. O-O f6 10. Rb1 b6 1/2-1/2

[Event "46th Sparkassen Open"]
[Site "Dortmund GER"]
[Date "2018.07.22"]
[Round "9.26"]
[White "Buechle, Manfred"]
[Black "Boecker, Juergen"]
[Result "1/2-1/2"]
[WhiteElo "2037"]
[BlackElo "1877"]
[WhiteFideId "4659368"]
[BlackFideId "12915904"]
[EventDate "2018.07.14"]

1. e4 e5 2. d4 exd4 3. Bc4 Nf6 4. Qxd4 Nc6 5. Qe3 d6 6. h3 g6 7. Nc3 Bg7 8. f4
O-O 9. Nf3 Na5 10. Bd3 Re8 11. O-O c5 12. Qe2 a6 13. Bd2 b5 14. b3 d5 15. e5 c4
16. bxc4 bxc4 17. Qf2 cxd3 18. exf6 Bxf6 19. cxd3 Nc6 1/2-1/2

[Event "46th Sparkassen Open"]
[Site "Dortmund GER"]
[Date "2018.07.22"]
[Round "9.27"]
[White "Oezen, Alf"]
[Black "Alghawi, Abdullah"]
[Result "0-1"]
[WhiteElo "1911"]
[BlackElo "1916"]
[WhiteFideId "12985430"]
[BlackFideId "16259254"]
[EventDate "2018.07.14"]

1. e4 c5 2. Nf3 d6 3. g3 g6 4. Bg2 Bg7 5. O-O Nf6 6. Re1 O-O 7. c3 Nc6 8. d4 Bg4
9. h3 Bxf3 10. Bxf3 cxd4 11. cxd4 Qb6 12. Be3 Qxb2 13. Nd2 Nxd4 14. Rb1 Nxf3+
15. Qxf3 Qxa2 16. Rxb7 Qe6 17. Bxa7 Nd7 18. Kg2 Nc5 19. Bxc5 dxc5 20. Rc1 Ra2
21. Nc4 Bd4 22. Ne3 f5 23. exf5 Qxe3 0-1